Stepping stones : (Record no. 53)

MARC details
000 -LEADER
fixed length control field 00984cam a2200301 a 4500
001 - CONTROL NUMBER
control field 4225959
003 - CONTROL NUMBER IDENTIFIER
control field OSt
005 - DATE AND TIME OF LATEST TRANSACTION
control field 20200421093817.0
008 - FIXED-LENGTH DATA ELEMENTS--GENERAL INFORMATION
fixed length control field 080718s2008 enkabf b 001 0 eng
015 ## - NATIONAL BIBLIOGRAPHY NUMBER
National bibliography number GBA896058
Source bnb
016 7# - NATIONAL BIBLIOGRAPHIC AGENCY CONTROL NUMBER
Record control number 014685620
Source Uk
020 ## - INTERNATIONAL STANDARD BOOK NUMBER
International Standard Book Number 9780571242528 (hbk.)
020 ## - INTERNATIONAL STANDARD BOOK NUMBER
International Standard Book Number 0571242529 (hbk.)
035 ## - SYSTEM CONTROL NUMBER
System control number (OCoLC)ocn241027852
035 ## - SYSTEM CONTROL NUMBER
System control number (OCoLC)241027852
040 ## - CATALOGING SOURCE
Original cataloging agency UKM
Transcribing agency UKM
Modifying agency BTCTA
-- YDXCP
-- BWKUK
-- BWK
-- CDX
-- IXA
-- NLE
049 ## - LOCAL HOLDINGS (OCLC)
Holding library NLES
050 #4 - LIBRARY OF CONGRESS CALL NUMBER
Classification number PR6058.E2
Item number Z82 2008
082 04 - DEWEY DECIMAL CLASSIFICATION NUMBER
Classification number 821.914
Edition information 22
100 1# - MAIN ENTRY--PERSONAL NAME
Personal name O'Driscoll, Dennis.
9 (RLIN) 26
245 10 - TITLE STATEMENT
Title Stepping stones :
Remainder of title interviews with Seamus Heaney /
Statement of responsibility, etc. Dennis O'Driscoll.
260 ## - PUBLICATION, DISTRIBUTION, ETC.
Place of publication, distribution, etc. London :
Name of publisher, distributor, etc. Faber and Faber,
Date of publication, distribution, etc. 2008.
300 ## - PHYSICAL DESCRIPTION
Extent xxx, 524 p., [16] p. of plates :
Other physical details ill., maps ;
Dimensions 24 cm.
504 ## - BIBLIOGRAPHY, ETC. NOTE
Bibliography, etc. note Includes bibliographical references (p. 477-481) and index.
600 10 - SUBJECT ADDED ENTRY--PERSONAL NAME
Personal name Heaney, Seamus,
Dates associated with a name 1939-
Form subdivision Interviews.
9 (RLIN) 672
650 #0 - SUBJECT ADDED ENTRY--TOPICAL TERM
Topical term or geographic name entry element Poets, Irish
Chronological subdivision 20th century
Form subdivision Interviews.
9 (RLIN) 27
942 ## - ADDED ENTRY ELEMENTS (KOHA)
Source of classification or shelving scheme Dewey Decimal Classification
Koha item type Books
Holdings
Withdrawn status Lost status Damaged status Not for loan Collection Home library Current library Shelving location Date acquired Barcode Date last seen Price effective from Koha item type
        Reference Centerville Centerville General stacks 09/04/2014 39999000002119 09/04/2014 09/04/2014 Books
        Reference Centerville Centerville General stacks 09/04/2014 39999000002133 09/04/2014 09/04/2014 Books
        Reference Fairview Fairview General stacks 09/04/2014 39999000002072 09/04/2014 09/04/2014 Books
        Reference Fairview Fairview General stacks 09/04/2014 39999000002096 09/04/2014 09/04/2014 Books